| 000 | 00700nam a2200217Ia 4500 | ||
|---|---|---|---|
| 001 | dg102-43776 | ||
| 003 | IT-MiCISF | ||
| 005 | 20250905125047.0 | ||
| 008 | 161014s9999||||xx |||||||||||||| ||und|| | ||
| 040 |
_aIT-MiCISF _cIT-MiCISF |
||
| 041 | _ait | ||
| 100 |
_aBelletti Francesco, Rosas Adriana _962575 |
||
| 245 | 0 |
_aFamiglie fragili e resistenti. _bDieci anni di indagini sociali nel lodigiano |
|
| 260 |
_aLodi, _bProvincia di Lodi, _c2007 |
||
| 300 | _app. 3-170 | ||
| 500 | _a / bisogni-famiglia, servizi-infanzia, figli-adolescenti, problemi-anziano, servizi-anziani, resilienza, capitale-sociale / | ||
| 650 | _afamiglia | ||
| 654 | _aindagine | ||
| 942 |
_cBK _2ddc |
||
| 999 |
_c209285 _d209285 |
||
| 999 | _bsi | ||